000 00600nam a2200217Ia 4500
005 20240514113206.0
008 131103s9999 xx 000 0 und d
020 _a333937813
_cRs.38.50
040 _aLoreto College
041 _aEnglish
082 _a428
_bSUG
100 _aSugathan, Beena
245 _aBetween the lines
_b reading comprehension book 7
_cBeena Sugathan and Chachimma Chirsty
260 _aDelhi
_bMacmillan
_c2002
300 _a92p.
_b chart.
650 _aEnglish reading
651 _aEnglish language
700 _aChirsty, Chachimma
850 _aLCBED
942 _cBK
999 _c30128
_d80607